[Event "CAN op"]
[Site "Calgary CAN"]
[Date "2023.07.26"]
[Round "6.26"]
[White "Mok, Erwin"]
[Black "Perelman, Leon"]
[Result "1/2-1/2"]
[WhiteElo "1694"]
[BlackElo "2129"]
[PlyCount "92"]
[EventDate "2023.07.22"]
[EventType "swiss"]
[EventRounds "10"]
[EventCountry "CAN"]

1. d4 Nf6 2. c4 e6 3. Nc3 Bb4 4. Qc2 d5 5. a3 Be7 6. Nf3 O-O 7. Bg5 c6 8. e3
Nbd7 9. Rc1 Re8 10. Bd3 h6 11. Bf4 Nh5 12. Be5 Nxe5 13. Nxe5 Rf8 14. c5 Nf6 15.
O-O Nd7 16. Nxd7 Bxd7 17. f4 f6 18. g4 e5 19. f5 g6 20. Qg2 e4 21. Bc2 Rf7 22.
Kh1 Rg7 23. Qf2 Qc8 24. Ne2 b6 25. b4 a5 26. Ng3 axb4 27. axb4 gxf5 28. gxf5
bxc5 29. bxc5 Kh7 30. Bd1 Qa6 31. Bh5 Be8 32. Bxe8 Rxe8 33. Rg1 Qc8 34. Rg2
Reg8 35. Rcg1 Qb8 36. Nh5 Rxg2 37. Rxg2 Qb1+ 38. Rg1 Rxg1+ 39. Qxg1 Qxg1+ 40.
Kxg1 Bd8 41. Kf1 Kg8 42. Ke2 Kf7 43. h3 Bc7 44. Kf2 Ba5 45. Ke2 Bc7 46. Kf2 Ba5
1/2-1/2

[Event "CAN op"]
[Site "Calgary CAN"]
[Date "2023.07.26"]
[Round "6.27"]
[White "Aljo, Johan"]
[Black "Murali, Dhruv"]
[Result "0-1"]
[WhiteElo "2124"]
[BlackElo "1560"]
[PlyCount "109"]
[EventDate "2023.07.22"]
[EventType "swiss"]
[EventRounds "10"]
[EventCountry "CAN"]

1. d4 Nf6 2. c4 g6 3. Nc3 Bg7 4. e4 d6 5. Be2 O-O 6. Be3 Nbd7 7. g4 e5 8. d5 b6
9. h4 Nc5 10. f3 a5 11. h5 Bd7 12. Qd2 Qe7 13. O-O-O Rfb8 14. Nh3 a4 15. Kb1
Ra5 16. Qc2 Rba8 17. Nf2 R5a7 18. Rh2 Rd8 19. Rdh1 Raa8 20. hxg6 fxg6 21. Bg5
Qf7 22. Qd2 Re8 23. Bxf6 Bxf6 24. Qh6 Re7 25. Nh3 Qf8 26. Qd2 Rf7 27. Ng5 Bxg5
28. Qxg5 Qe7 29. Qh6 Raf8 30. g5 Rg7 31. Qh4 Rff7 32. Qg3 Qf8 33. Nd1 Qe8 34.
Ne3 Qc8 35. Kc2 Qa6 36. Rd1 Rf8 37. Ng4 Bxg4 38. Qxg4 Rf4 39. Qg2 Qa7 40. Rdh1
Rff7 41. Rh4 Qa6 42. Rf1 Qc8 43. Qg4 Qf8 44. Qg2 Rf4 45. Rfh1 Rxh4 46. Rxh4 Rf7
47. Qh2 Qe7 48. Qg3 Qf8 49. b4 axb3+ 50. axb3 Qa8 51. Kb2 Qa5 52. Qg2 Qd2+ 53.
Kb1 Nd3 54. Bf1 Qc1+ 55. Ka2 0-1

[Event "CAN op"]
[Site "Calgary CAN"]
[Date "2023.07.26"]
[Round "6.28"]
[White "Deepak, Laksshana"]
[Black "Srinivasan, Hemant"]
[Result "0-1"]
[WhiteElo "1681"]
[BlackElo "2200"]
[PlyCount "63"]
[EventDate "2023.07.22"]
[EventType "swiss"]
[EventRounds "10"]
[EventCountry "CAN"]

1. e4 c6 2. Nc3 d5 3. Nf3 Bg4 4. h3 Bxf3 5. Qxf3 e6 6. g3 Nd7 7. Bg2 Bc5 8. O-O
Ne7 9. d3 O-O 10. Qe2 Ng6 11. h4 f5 12. h5 Nge5 13. Na4 Qe7 14. c3 fxe4 15.
dxe4 Bd6 16. b3 b5 17. Nb2 Bc5 18. Bf4 Rf7 19. Nd3 Nxd3 20. Qxd3 Nf6 21. Bg5
Qc7 22. exd5 exd5 23. Bf4 Qd7 24. h6 Re8 25. Bf3 Ng4 26. hxg7 Ne5 27. Qd1 Ng6
28. Bh5 Nxf4 29. Bxf7+ Qxf7 30. gxf4 Qxg7+ 31. Kh2 Re6 32. Rg1 0-1

[Event "CAN op"]
[Site "Calgary CAN"]
[Date "2023.07.26"]
[Round "6.29"]
[White "Wu, Jonathan"]
[Black "Ratte, Cameron"]
[Result "1-0"]
[WhiteElo "2075"]
[BlackElo "1848"]
[PlyCount "108"]
[EventDate "2023.07.22"]
[EventType "swiss"]
[EventRounds "10"]
[EventCountry "CAN"]

1. e4 e6 2. d4 d5 3. Nc3 Nf6 4. e5 Ng8 5. f4 c5 6. Nf3 Nh6 7. Be3 Nf5 8. Bf2
Nxd4 9. Nxd4 cxd4 10. Qxd4 Nc6 11. Qd2 Bb4 12. a3 Qa5 13. O-O-O Bxc3 14. Qxc3
Qxc3 15. bxc3 O-O 16. c4 dxc4 17. Bxc4 b6 18. Bh4 Bb7 19. Rhg1 Na5 20. Ba2 Rac8
21. Rd4 Rc5 22. Be7 Rc7 23. Bxf8 Kxf8 24. Rgd1 Bxg2 25. Rd7 Rxd7 26. Rxd7 Nc6
27. Bc4 g5 28. Rd2 Be4 29. Re2 Bf3 30. Rf2 g4 31. Be2 Bxe2 32. Rxe2 Ke7 33. Kd2
f6 34. Kd3 Kf7 35. exf6 Kxf6 36. Ke4 h5 37. Rd2 Ne7 38. Rd7 a5 39. c4 Nf5 40.
Rd8 h4 41. Rb8 Nd6+ 42. Kd3 Kf5 43. Rxb6 g3 44. hxg3 hxg3 45. c5 Nc8 46. Ke3 e5
47. fxe5 Kxe5 48. Rb5 a4 49. Rb1 Kd5 50. Rc1 Na7 51. Kf3 Nc6 52. Kxg3 Na5 53.
Kf4 Kc6 54. Ke5 Nc4+ 1-0

[Event "CAN op"]
[Site "Calgary CAN"]
[Date "2023.07.26"]
[Round "6.30"]
[White "Zhong, Ryan Yunhui"]
[Black "Yang, Henry"]
[Result "0-1"]
[WhiteElo "2017"]
[BlackElo "1818"]
[PlyCount "78"]
[EventDate "2023.07.22"]
[EventType "swiss"]
[EventRounds "10"]
[EventCountry "CAN"]

1. e4 e5 2. Nf3 Nc6 3. d4 exd4 4. Nxd4 Nf6 5. Nc3 Bb4 6. Nxc6 bxc6 7. Bd3 O-O
8. O-O d5 9. exd5 Bg4 10. f3 Bh5 11. dxc6 Qd4+ 12. Kh1 Bxc3 13. bxc3 Qxc3 14.
Rb1 Qxc6 15. Rb4 Rad8 16. Ba3 Bg6 17. Rb3 Rfe8 18. f4 Be4 19. Qd2 Qd5 20. Qf2
Bxd3 21. cxd3 Ng4 22. Qg3 Ne3 23. Rc1 Nf5 24. Qf2 Re3 25. Rd1 Rde8 26. Bc1 R3e6
27. h3 h5 28. Rb2 h4 29. Kh2 Ng3 30. Qg1 Re2 31. Rxe2 Rxe2 32. a3 Kh7 33. d4 c6
34. Bd2 Qe4 35. Re1 Rxe1 36. Qxe1 Qxd4 37. Qb1+ f5 38. Qc2 Qxd2 39. Qc4 Qe1 0-1

[Event "CAN op"]
[Site "Calgary CAN"]
[Date "2023.07.26"]
[Round "6.31"]
[White "Usselman, Paul"]
[Black "Moses, Neil"]
[Result "0-1"]
[WhiteElo "1781"]
[BlackElo "1985"]
[PlyCount "77"]
[EventDate "2023.07.22"]
[EventType "swiss"]
[EventRounds "10"]
[EventCountry "CAN"]

1. d4 Nf6 2. c4 e6 3. g3 d5 4. Bg2 c6 5. Nd2 Nbd7 6. Qc2 Bd6 7. Ngf3 O-O 8. O-O
b6 9. e4 dxe4 10. Nxe4 Nxe4 11. Qxe4 Bb7 12. Rd1 Qc7 13. Qc2 h6 14. b3 c5 15.
Ba3 Rad8 16. Rac1 Bxf3 17. Bxf3 cxd4 18. Bxd6 Qxd6 19. Qd2 e5 20. b4 Rfe8 21.
Re1 Nf6 22. c5 bxc5 23. bxc5 Qc7 24. Qd3 Nd5 25. Bxd5 Rxd5 26. c6 Re6 27. f4
Rxc6 28. Rxc6 Qxc6 29. fxe5 Qe6 30. Qb3 a5 31. Qb8+ Kh7 32. Qb1+ d3 33. Re3 Qg6
34. Qb3 Rd8 35. e6 d2 36. Qd1 fxe6 37. Re2 Qg5 38. Rxe6 Qc5+ 39. Kf1 0-1

[Event "CAN op"]
[Site "Calgary CAN"]
[Date "2023.07.26"]
[Round "6.32"]
[White "Taylor, Ashton"]
[Black "Offengenden, Ron"]
[Result "1/2-1/2"]
[WhiteElo "1969"]
[BlackElo "1812"]
[PlyCount "80"]
[EventDate "2023.07.22"]
[EventType "swiss"]
[EventRounds "10"]
[EventCountry "CAN"]

1. Nf3 d5 2. d4 Nf6 3. c4 e6 4. g3 Be7 5. Bg2 dxc4 6. O-O a6 7. Ne5 O-O 8. Nxc4
Ra7 9. Nc3 b5 10. Ne5 Bb7 11. Bxb7 Rxb7 12. Bg5 h6 13. Bxf6 Bxf6 14. Nf3 c5 15.
dxc5 Bxc3 16. bxc3 Qxd1 17. Rfxd1 Rc7 18. a4 Rxc5 19. axb5 axb5 20. Rab1 Nc6
21. Nd4 Nxd4 22. cxd4 Rc2 23. e3 Rb8 24. Rb4 Rc4 25. Rxc4 bxc4 26. Rc1 Rb4 27.
Kf1 Kf8 28. Ke2 Ke7 29. Kd2 Kd6 30. e4 e5 31. d5 Kc5 32. Kc2 c3 33. Rd1 Rxe4
34. d6 Kc4 35. Rd5 Re2+ 36. Kc1 Kb3 37. Rb5+ Kc4 38. Rd5 Kb3 39. d7 Re1+ 40.
Rd1 Re2 1/2-1/2

[Event "CAN op"]
[Site "Calgary CAN"]
[Date "2023.07.26"]
[Round "6.33"]
[White "Yin, Zeming"]
[Black "Bulga, Tamir"]
[Result "0-1"]
[WhiteElo "1748"]
[BlackElo "1961"]
[PlyCount "78"]
[EventDate "2023.07.22"]
[EventType "swiss"]
[EventRounds "10"]
[EventCountry "CAN"]

1. e4 c5 2. c3 d5 3. exd5 Qxd5 4. Nf3 Nf6 5. Na3 a6 6. Nc2 Bg4 7. Be2 Bh5 8. d4
e6 9. Bf4 Bg6 10. Ne3 Qe4 11. Bg3 Nbd7 12. O-O Be7 13. Nh4 Qc6 14. Nxg6 hxg6
15. Bf3 Qc8 16. Qb3 Ra7 17. Nc4 b5 18. Nd6+ Bxd6 19. Bxd6 c4 20. Qa3 g5 21. g3
a5 22. d5 Ra6 23. dxe6 fxe6 24. Rad1 g4 25. Bg2 Kf7 26. f3 Kg8 27. b3 Nd5 28.
Bf4 Nxc3 29. Rde1 b4 30. Qb2 Nc5 31. Qc2 Nd3 32. Re3 Qc5 33. Qd2 Nd5 34. bxc4
N3xf4 35. cxd5 Nxd5 36. Rfe1 Nxe3 37. Rxe3 Rd6 38. Qe2 Qc1+ 39. Kf2 Rd2 0-1

[Event "CAN op"]
[Site "Calgary CAN"]
[Date "2023.07.26"]
[Round "6.34"]
[White "Wang, Andy"]
[Black "Ramalho, David"]
[Result "1/2-1/2"]
[WhiteElo "1960"]
[BlackElo "1803"]
[PlyCount "140"]
[EventDate "2023.07.22"]
[EventType "swiss"]
[EventRounds "10"]
[EventCountry "CAN"]

1. e4 c5 2. Nf3 d6 3. d4 cxd4 4. Nxd4 Nf6 5. Nc3 a6 6. Be2 e5 7. Nb3 Be7 8. Be3
Be6 9. a4 Nbd7 10. a5 Rc8 11. f3 O-O 12. Nd5 Bxd5 13. exd5 Nh5 14. O-O Bg5 15.
Bf2 Nf4 16. c4 Nxe2+ 17. Qxe2 Qc7 18. Ra4 Rfe8 19. Nd2 Bxd2 20. Qxd2 Nc5 21.
Ra3 e4 22. b4 Nd3 23. fxe4 Nxf2 24. Qxf2 Rxe4 25. Rc3 f6 26. Rfc1 Qe7 27. R3c2
Qe5 28. Qg3 Qxg3 29. hxg3 Rd4 30. Kf2 Re8 31. Re2 Re5 32. Rxe5 fxe5 33. Ke3 Kf7
34. b5 Ke7 35. bxa6 bxa6 36. Rb1 Rxc4 37. Rb7+ Kf6 38. Rb6 Kf5 39. Rxa6 Rc3+
40. Kf2 Rc5 41. Rxd6 Rxa5 42. Rd7 Kf6 43. g4 h6 44. d6 Rd5 45. Ke3 Rd4 46. Kf3
g6 47. Rd8 Kf7 48. d7 Rf4+ 49. Ke3 Ke7 50. Rg8 Kxd7 51. Rxg6 Ke7 52. g3 Rf6 53.
Rg8 Kf7 54. Ra8 Kg6 55. Ke4 Rb6 56. Rg8+ Kf6 57. Rf8+ Kg7 58. Rf3 Rg6 59. Kxe5
Rxg4 60. Kf5 Rg5+ 61. Kf4 Ra5 62. Rb3 Ra4+ 63. Kf3 Kg6 64. g4 Ra6 65. Rb5 Ra3+
66. Kf4 Ra4+ 67. Kg3 Ra3+ 68. Kh4 Ra4 69. Rb6+ Kg7 70. Kh5 Ra5+ 1/2-1/2

[Event "CAN op"]
[Site "Calgary CAN"]
[Date "2023.07.26"]
[Round "6.35"]
[White "Radic, Dejan"]
[Black "Gao, Lucy"]
[Result "1/2-1/2"]
[WhiteElo "1746"]
[BlackElo "1933"]
[PlyCount "83"]
[EventDate "2023.07.22"]
[EventType "swiss"]
[EventRounds "10"]
[EventCountry "CAN"]

1. e4 c5 2. Nc3 g6 3. f4 Bg7 4. Nf3 a6 5. g3 Nc6 6. Bg2 e6 7. d3 d5 8. e5 Nge7
9. O-O O-O 10. g4 f6 11. exf6 Bxf6 12. Re1 Nd4 13. Ne2 Nec6 14. Nexd4 Nxd4 15.
Ne5 Qc7 16. c3 Nc6 17. Nf3 Bd7 18. h3 b5 19. Re2 Rad8 20. Bd2 Qd6 21. Qe1 b4
22. Rb1 Rb8 23. Ne5 bxc3 24. Bxc3 Bc8 25. g5 Bg7 26. Qg3 Ne7 27. h4 d4 28. Be1
Bb7 29. Bxb7 Rxb7 30. Qh2 Nd5 31. Bg3 Nc3 32. Rbe1 Nxe2+ 33. Rxe2 Bxe5 34. Rxe5
Rf5 35. Re2 Qd5 36. b3 Qf3 37. Qg2 Qxg2+ 38. Kxg2 Kf7 39. Kf3 Rb4 40. Kg4 Rb8
41. Rc2 Rd5 42. Rc4 1/2-1/2

[Event "CAN op"]
[Site "Calgary CAN"]
[Date "2023.07.26"]
[Round "6.36"]
[White "Xu, Philip"]
[Black "Hooshdaran, Soheil"]
[Result "0-1"]
[WhiteElo "1878"]
[BlackElo "1617"]
[PlyCount "88"]
[EventDate "2023.07.22"]
[EventType "swiss"]
[EventRounds "10"]
[EventCountry "CAN"]

1. c4 Nf6 2. Nc3 g6 3. e4 d6 4. Nge2 Bg7 5. g3 O-O 6. Bg2 c5 7. O-O Nc6 8. d3
Bg4 9. Be3 Qd7 10. f3 Bh3 11. Rb1 Bxg2 12. Kxg2 Ne8 13. a3 Nc7 14. b4 Ne6 15.
Qd2 Ned4 16. Bh6 f5 17. Bxg7 Kxg7 18. b5 Ne5 19. Nxd4 cxd4 20. Ne2 fxe4 21.
fxe4 Rf6 22. Rxf6 exf6 23. Nxd4 h5 24. h3 Rh8 25. Qe2 Nf7 26. Nf3 Re8 27. Qd2
b6 28. a4 Qb7 29. Kf2 Qc7 30. Qe3 d5 31. c5 dxe4 32. cxb6 Qc2+ 33. Nd2 axb6 34.
d4 Nd6 35. Ke1 Nf5 36. Qb3 Qc7 37. a5 e3 38. Nf1 Nxd4 39. axb6 Nf3+ 40. Ke2
Nd4+ 41. Kd3 Qe5 42. Qc2 e2 43. Qc4 exf1=Q+ 44. Rxf1 Qe3# 0-1

[Event "CAN op"]
[Site "Calgary CAN"]
[Date "2023.07.26"]
[Round "6.37"]
[White "Xu, Leon"]
[Black "Boehmer, Kris"]
[Result "1/2-1/2"]
[WhiteElo "1811"]
[BlackElo "2142"]
[PlyCount "99"]
[EventDate "2023.07.22"]
[EventType "swiss"]
[EventRounds "10"]
[EventCountry "CAN"]

1. e4 c6 2. d4 d5 3. exd5 cxd5 4. Bd3 Nc6 5. c3 Nf6 6. Bf4 Bg4 7. Qb3 Qd7 8.
Nd2 e6 9. Ngf3 Bd6 10. Bg3 O-O 11. Qc2 Rfc8 12. Qb1 Bh5 13. Bh4 Bg6 14. Bxf6
gxf6 15. h4 e5 16. dxe5 fxe5 17. Bxg6 hxg6 18. Nb3 Qg4 19. Kf1 Kg7 20. Qd1 Ne7
21. Qe1 f6 22. Nbd2 Nf5 23. Qe2 Rh8 24. g3 g5 25. Qb5 e4 26. Nd4 Nxd4 27. Qxb7+
Kg6 28. cxd4 e3 29. h5+ Kh6 30. fxe3 Bxg3 31. Qxd5 Rae8 32. Qf3 Qxf3+ 33. Nxf3
Rxe3 34. Kg2 Bf4 35. Rae1 Rhe8 36. Rxe3 Rxe3 37. Re1 g4 38. Rxe3 Bxe3 39. Nh4
Kxh5 40. Nf5 Bf4 41. d5 Kg5 42. Nd4 Be5 43. Nc6 Kf5 44. b4 Ke4 45. Nxa7 Kxd5
46. b5 Kc5 47. a4 f5 48. Nc6 Bc7 49. Kf2 Bd6 50. Ke2 1/2-1/2

[Event "CAN op"]
[Site "Calgary CAN"]
[Date "2023.07.26"]
[Round "6.38"]
[White "Quiring, John"]
[Black "Zhong, April"]
[Result "0-1"]
[WhiteElo "1799"]
[BlackElo "1938"]
[PlyCount "38"]
[EventDate "2023.07.22"]
[EventType "swiss"]
[EventRounds "10"]
[EventCountry "CAN"]

1. e4 e6 2. d4 d5 3. e5 c5 4. Nf3 cxd4 5. Nxd4 Nc6 6. f4 Bc5 7. Bb5 Qb6 8.
Bxc6+ bxc6 9. c3 Bxd4 10. Qxd4 c5 11. Qe3 Ba6 12. Nd2 Ne7 13. Nb3 Rc8 14. Bd2
O-O 15. g4 f6 16. Kf2 fxe5 17. Qxe5 Ng6 18. Qg5 Rf6 19. Kg3 Qd6 0-1

[Event "CAN op"]
[Site "Calgary CAN"]
[Date "2023.07.26"]
[Round "6.39"]
[White "Ming, Jerry"]
[Black "Heran-Boily, Samuel"]
[Result "1/2-1/2"]
[WhiteElo "1756"]
[BlackElo "1936"]
[PlyCount "139"]
[EventDate "2023.07.22"]
[EventType "swiss"]
[EventRounds "10"]
[EventCountry "CAN"]

1. e4 e6 2. d4 d5 3. Bd3 dxe4 4. Bxe4 Nf6 5. Bf3 c5 6. Ne2 Nc6 7. Be3 Qb6 8. b3
Be7 9. O-O O-O 10. c3 Rd8 11. Qc2 Bd7 12. Nd2 cxd4 13. Nxd4 Ne5 14. Nc4 Nxc4
15. bxc4 Qa6 16. Rfb1 Bc6 17. Nxc6 bxc6 18. c5 Nd5 19. Bd4 Rac8 20. c4 Bf6 21.
Bxf6 Nxf6 22. Qb3 Rc7 23. Rd1 Rdc8 24. Rd6 Ne8 25. Rd3 Qa5 26. Qa3 Qxa3 27.
Rxa3 Nf6 28. Rd1 Kf8 29. Ra6 Ne8 30. g3 Ke7 31. Kf1 g6 32. g4 f5 33. gxf5 gxf5
34. Bg2 e5 35. Re1 Ke6 36. Rd1 e4 37. f3 Ke5 38. fxe4 fxe4 39. Bh3 Rb8 40. Rd7
Rbb7 41. Rd8 Rf7+ 42. Ke1 Rb1+ 43. Ke2 Rb2+ 44. Ke1 Nc7 45. Rxc6 Kf4 46. Rd2
Rb4 47. Rf2+ Ke3 48. Re2+ Kd3 49. Rd6+ Kxc4 50. Rxe4+ Kxc5 51. Rxb4 Kxd6 52.
Rb2 Nd5 53. Rd2 Kc5 54. Be6 Re7 55. Rxd5+ Kc6 56. Re5 Kd6 57. Ra5 Kxe6 58. Kf2
Kf6 59. Kf3 Rb7 60. Kf4 Rb4+ 61. Kg3 Rb7 62. Kf4 Kg6 63. Kg4 Rb4+ 64. Kf3 Rb7
65. Kg4 h5+ 66. Kh4 Rb4+ 67. Kg3 Rb7 68. Kh4 Rb2 69. Kg3 Rb7 70. Kh4 1/2-1/2

[Event "CAN op"]
[Site "Calgary CAN"]
[Date "2023.07.26"]
[Round "6.40"]
[White "Russell, Wesley"]
[Black "Jackson, Mateo"]
[Result "1/2-1/2"]
[WhiteElo "1723"]
[BlackElo "1914"]
[PlyCount "86"]
[EventDate "2023.07.22"]
[EventType "swiss"]
[EventRounds "10"]
[EventCountry "CAN"]

1. e4 c5 2. c3 Nf6 3. e5 Nd5 4. d4 cxd4 5. Nf3 Nc6 6. Bc4 Nb6 7. Bb3 d6 8. exd6
Qxd6 9. O-O g6 10. cxd4 Bg7 11. Be3 O-O 12. h3 Na5 13. Bc2 Nbc4 14. b3 Nxe3 15.
fxe3 Nc6 16. a3 e5 17. dxe5 Qc5 18. Qe2 Nxe5 19. Nxe5 Bxe5 20. Ra2 Bg7 21. Nd2
Re8 22. Ne4 Qb6 23. Rf3 Bf5 24. Nd2 Bxc2 25. Rxc2 Re7 26. b4 Rae8 27. Nf1 Rc7
28. Kh1 Rce7 29. Rc5 a6 30. Rc1 Qe6 31. Rd1 Rd7 32. Rxd7 Qxd7 33. Qc4 Rc8 34.
Rxf7 Rxc4 35. Rxd7 Bb2 36. Rxb7 Bxa3 37. Rb6 Bxb4 38. Rxa6 Bc5 39. Kg1 Kf7 40.
Kf2 Rc2+ 41. Kf3 Ke7 42. Ra4 Kf6 43. Ng3 Ke5 1/2-1/2

[Event "CAN op"]
[Site "Calgary CAN"]
[Date "2023.07.26"]
[Round "6.41"]
[White "Williamson, Jason"]
[Black "Wharton, Kayode"]
[Result "0-1"]
[WhiteElo "1890"]
[BlackElo "1728"]
[PlyCount "38"]
[EventDate "2023.07.22"]
[EventType "swiss"]
[EventRounds "10"]
[EventCountry "CAN"]

1. e4 e5 2. Nf3 Nc6 3. Bb5 a6 4. Ba4 Nf6 5. d3 b5 6. Bb3 d5 7. O-O Bc5 8. exd5
Nxd5 9. Nxe5 Nxe5 10. Re1 O-O 11. d4 Ng4 12. h3 Nxf2 13. Kxf2 Qh4+ 14. Kf1 Bxd4
15. Qf3 Bb7 16. Qf5 g6 17. Qf3 Ne3+ 18. Qxe3 Bxe3 19. Bxe3 Bxg2+ 0-1

[Event "CAN op"]
[Site "Calgary CAN"]
[Date "2023.07.26"]
[Round "6.42"]
[White "McCoshen, Ricky"]
[Black "MacLeod, Damon"]
[Result "0-1"]
[WhiteElo "1717"]
[BlackElo "1889"]
[PlyCount "72"]
[EventDate "2023.07.22"]
[EventType "swiss"]
[EventRounds "10"]
[EventCountry "CAN"]

1. d4 d5 2. c4 c6 3. Nf3 Nf6 4. Nc3 dxc4 5. a4 Bf5 6. e3 e6 7. Bxc4 Bb4 8. O-O
O-O 9. Qe2 h6 10. Rd1 Nbd7 11. e4 Bh7 12. Bd3 Qc7 13. e5 Nd5 14. Nxd5 cxd5 15.
g4 Rac8 16. g5 Bxd3 17. Rxd3 h5 18. g6 Qc2 19. Bd2 Bxd2 20. gxf7+ Rxf7 21. Nxd2
Rcf8 22. Rf1 Rf4 23. Rc3 Qxb2 24. Rc7 Nb6 25. Qxh5 Qxd2 26. Qg5 R8f7 27. Rxf7
Kxf7 28. Qh5+ Ke7 29. Qg5+ Ke8 30. Qg6+ Kf8 31. Qxe6 Qxd4 32. h3 Qxa4 33. Rc1
Qd7 34. Qd6+ Qxd6 35. exd6 Rf7 36. f4 Rd7 0-1

[Event "CAN op"]
[Site "Calgary CAN"]
[Date "2023.07.26"]
[Round "6.43"]
[White "Darvekar, Yash"]
[Black "Ashley, Mathew"]
[Result "1-0"]
[WhiteElo "1886"]
[BlackElo "1709"]
[PlyCount "71"]
[EventDate "2023.07.22"]
[EventType "swiss"]
[EventRounds "10"]
[EventCountry "CAN"]

1. e4 c6 2. d4 d5 3. Nc3 dxe4 4. Nxe4 Nf6 5. Nxf6+ exf6 6. c3 Bd6 7. Bd3 O-O 8.
Qc2 Re8+ 9. Ne2 h5 10. Be3 Nd7 11. O-O h4 12. h3 Nf8 13. c4 Bb8 14. Qd2 Qd6 15.
f4 f5 16. Rae1 Bc7 17. Nc3 Be6 18. Qc2 Rad8 19. d5 Ba5 20. c5 Qd7 21. d6 b6 22.
Qa4 Bxc3 23. bxc3 bxc5 24. Bxc5 Bd5 25. Re7 Qc8 26. c4 Be4 27. Bxe4 fxe4 28.
Rc7 Qf5 29. Rxc6 Rc8 30. Rxc8 Rxc8 31. Be3 Nd7 32. Rd1 Nb6 33. Qa6 Nxc4 34. d7
Rd8 35. Qxc4 Qh5 36. Rd2 1-0

[Event "CAN op"]
[Site "Calgary CAN"]
[Date "2023.07.26"]
[Round "6.44"]
[White "Yang, Vincent"]
[Black "Bince, Rolando"]
[Result "0-1"]
[WhiteElo "1670"]
[BlackElo "1881"]
[PlyCount "90"]
[EventDate "2023.07.22"]
[EventType "swiss"]
[EventRounds "10"]
[EventCountry "CAN"]

1. Nf3 c5 2. g3 Nc6 3. Bg2 Nf6 4. O-O e5 5. d3 Be7 6. Nbd2 d5 7. c4 d4 8. b3
O-O 9. Ba3 h6 10. Re1 Qc7 11. e4 Bg4 12. h3 Bh5 13. Qc2 a5 14. Nh2 Bd6 15. g4
Bg6 16. Bf3 Qd7 17. Kg2 Nh7 18. Be2 Qe7 19. Ndf3 h5 20. Kg3 Nd8 21. Bc1 Ne6 22.
Nh4 Nf4 23. Qd1 Ng5 24. Bf1 Nge6 25. Be2 Bh7 26. Rh1 g5 27. Nf5 h4+ 28. Kf3 Qd8
29. Bf1 Bg6 30. Bxf4 Nxf4 31. Qd2 Ra6 32. Bg2 Be7 33. Rhe1 Re8 34. Qc2 Qd7 35.
Qd2 Rea8 36. a4 Rb6 37. Reb1 Bd8 38. Nf1 Rf6 39. Re1 Qc6 40. Nh2 Ra6 41. Rg1
Kh7 42. Rab1 Rb6 43. Qxa5 Rxb3 44. Qxd8 Rxd3+ 45. Ne3 Qxe4# 0-1

[Event "CAN op"]
[Site "Calgary CAN"]
[Date "2023.07.26"]
[Round "6.45"]
[White "Karmali, Hafiz"]
[Black "Skop, Mike"]
[Result "1/2-1/2"]
[WhiteElo "1869"]
[BlackElo "1655"]
[PlyCount "97"]
[EventDate "2023.07.22"]
[EventType "swiss"]
[EventRounds "10"]
[EventCountry "CAN"]

1. d4 c6 2. e4 Na6 3. f4 Nc7 4. c4 d5 5. cxd5 cxd5 6. e5 Nh6 7. Nf3 g6 8. Nc3
Bg7 9. Bd3 O-O 10. O-O Bg4 11. h3 Bf5 12. g4 Bxd3 13. Qxd3 f6 14. f5 fxe5 15.
Nxe5 gxf5 16. gxf5 Nf7 17. Qg3 Kh8 18. Bf4 Bxe5 19. Bxe5+ Nxe5 20. Qxe5+ Rf6
21. Rae1 Qd6 22. Qxd6 Rg8+ 23. Kh2 exd6 24. Re7 Rg7 25. Rxg7 Kxg7 26. Kg3 Rf7
27. Kg4 Kf6 28. a4 Rg7+ 29. Kf4 Rg5 30. Rc1 Rxf5+ 31. Kg3 a6 32. h4 Ne6 33. Ne2
Kg6 34. Rc8 Rf7 35. Re8 Kf5 36. Kf3 Rc7 37. Ke3 Rc2 38. Re7 Rxb2 39. Rxh7 Rb3+
40. Kd2 b5 41. axb5 axb5 42. Rh5+ Ke4 43. Nc3+ Kxd4 44. Rxd5+ Kc4 45. Rxd6 Rxc3
46. Rc6+ Nc5 47. Rxc5+ Kxc5 48. Kxc3 Kd6 49. Kd4 1/2-1/2

[Event "CAN op"]
[Site "Calgary CAN"]
[Date "2023.07.26"]
[Round "6.46"]
[White "Lu, Aiden"]
[Black "Zacharias, Nicholas"]
[Result "0-1"]
[WhiteElo "1561"]
[BlackElo "1843"]
[PlyCount "90"]
[EventDate "2023.07.22"]
[EventType "swiss"]
[EventRounds "10"]
[EventCountry "CAN"]

1. e4 Nc6 2. d4 e5 3. dxe5 Nxe5 4. Nf3 Nxf3+ 5. Qxf3 Nf6 6. Bd3 Bb4+ 7. Bd2
Bxd2+ 8. Nxd2 d6 9. h3 Bd7 10. Qe3 O-O 11. O-O Bc6 12. Rfe1 Re8 13. Qd4 Nh5 14.
Rad1 Re6 15. Kh2 Rg6 16. g3 Rh6 17. Qe3 Qd7 18. Rg1 Nf6 19. g4 Nxg4+ 20. Rxg4
Qxg4 21. Rg1 Qe6 22. Bc4 Qf6 23. c3 Re8 24. f4 Bd7 25. Rg3 Rh4 26. Rf3 a6 27.
e5 Qh6 28. Ne4 Bc6 29. Rg3 Bxe4 30. Qxe4 Rxf4 31. Qd5 Qe6 32. exd6 Qxd5 33.
Bxd5 cxd6 34. Bxb7 Rf2+ 35. Kg1 Rxb2 36. Bxa6 Rxa2 37. Bb5 Re1+ 38. Bf1 Raa1
39. Kg2 Rxf1 40. Re3 Rfe1 41. Rd3 Rad1 42. Rf3 h5 43. Kg3 g5 44. Rf5 Rg1+ 45.
Kh2 Rh1+ 0-1

[Event "CAN op"]
[Site "Calgary CAN"]
[Date "2023.07.26"]
[Round "6.47"]
[White "Sembrano, Joshua"]
[Black "Todd, Adie"]
[Result "1/2-1/2"]
[WhiteElo "1825"]
[BlackElo "1618"]
[PlyCount "112"]
[EventDate "2023.07.22"]
[EventType "swiss"]
[EventRounds "10"]
[EventCountry "CAN"]

1. d4 d5 2. Nc3 Nf6 3. Bf4 e6 4. e3 c5 5. Nb5 Na6 6. a4 Be7 7. c3 O-O 8. Nf3
Bd7 9. h4 Ne4 10. Ne5 c4 11. g3 Bxb5 12. axb5 Nc7 13. b6 axb6 14. Rxa8 Nxa8 15.
Bg2 Nf6 16. g4 Nd7 17. Nxd7 Qxd7 18. g5 Bd6 19. Bxd6 Qxd6 20. Qc2 Qe7 21. f4
Nc7 22. h5 Ra8 23. Kd2 b5 24. g6 h6 25. gxf7+ Qxf7 26. b4 Ne8 27. Bf3 Nd6 28.
Rg1 Qf5 29. Rg6 Qxc2+ 30. Kxc2 Re8 31. Bxd5 exd5 32. Rxd6 Rxe3 33. Rxd5 Re2+
34. Kd1 Re3 35. Kd2 Rd3+ 36. Kc2 Rf3 37. Rxb5 Rf2+ 38. Kd1 Rf1+ 39. Ke2 Rxf4
40. Rxb7 Rh4 41. Rc7 Rxh5 42. Rxc4 g5 43. Rc7 g4 44. Kf2 Rg5 45. c4 Rf5+ 46.
Kg3 h5 47. b5 Rf3+ 48. Kg2 h4 49. b6 h3+ 50. Kh2 Rf2+ 51. Kg3 Rg2+ 52. Kf4 h2
53. b7 Rb2 54. Rc8+ Kg7 55. Rc7+ Kg8 56. Rc8+ Kg7 1/2-1/2

[Event "CAN op"]
[Site "Calgary CAN"]
[Date "2023.07.26"]
[Round "6.48"]
[White "Pottinger, Carl"]
[Black "Sazon, Omar"]
[Result "1-0"]
[WhiteElo "1822"]
[BlackElo "1642"]
[PlyCount "64"]
[EventDate "2023.07.22"]
[EventType "swiss"]
[EventRounds "10"]
[EventCountry "CAN"]

1. d4 Nf6 2. Nf3 e6 3. Bf4 c5 4. e3 Qb6 5. Nc3 d5 6. Nb5 Na6 7. Ne5 Be7 8. a4
O-O 9. g4 Ne4 10. c3 Qd8 11. Bd3 f6 12. Nf3 cxd4 13. exd4 e5 14. Be3 Bxg4 15.
Be2 exd4 16. Nbxd4 Nac5 17. Rg1 Qd7 18. Qc2 a6 19. b4 Bxf3 20. Bxf3 Ne6 21. Bg4
Nxd4 22. Bxd4 Qc7 23. Be6+ Kh8 24. Bxd5 Qxh2 25. O-O-O Ng5 26. Rh1 Qc7 27. Be3
f5 28. f4 Nf7 29. Bd4 Qxf4+ 30. Kb2 Nd6 31. Rdf1 Nc4+ 32. Bxc4 Rac8 1-0

[Event "CAN op"]
[Site "Calgary CAN"]
[Date "2023.07.26"]
[Round "6.49"]
[White "Daniluk, Jim"]
[Black "Aluko, Olanrewaju"]
[Result "1-0"]
[WhiteElo "1844"]
[BlackElo "1840"]
[PlyCount "101"]
[EventDate "2023.07.22"]
[EventType "swiss"]
[EventRounds "10"]
[EventCountry "CAN"]

1. e4 Nc6 2. Nf3 d5 3. exd5 Qxd5 4. Nc3 Qa5 5. Bb5 Bd7 6. b4 Qxb4 7. Rb1 Qd6 8.
O-O Nf6 9. Re1 e6 10. d4 Be7 11. Rb3 a5 12. d5 Nb4 13. dxe6 fxe6 14. Qe2 c6 15.
Rd1 Nbd5 16. Nxd5 exd5 17. Ba3 Qe6 18. Re3 Ne4 19. Bd3 O-O-O 20. Bxe4 dxe4 21.
Rxe4 Qxa2 22. Bxe7 Rde8 23. Red4 Bf5 24. Nh4 Qxc2 25. R4d2 Qe4 26. Nxf5 Qxf5
27. g4 Qf4 28. Qe6+ Kb8 29. Bd6+ Ka8 30. Qxe8+ Rxe8 31. Bxf4 Re4 32. Rd8+ Ka7
33. Be3+ b6 34. R8d7+ Ka6 35. R1d6 Rc4 36. Rxg7 a4 37. Rd3 Kb5 38. Rg5+ c5 39.
Bd2 Kc6 40. Rh5 Rxg4+ 41. Kf1 Rg7 42. Bc3 Rf7 43. Ke2 c4 44. Rd4 b5 45. Rdd5
Rb7 46. Rc5+ Kd6 47. Rxb5 Re7+ 48. Kd2 Rf7 49. Rb6+ Kc7 50. Rf6 Rd7+ 51. Kc2
1-0